British topography (Record no. 113705)
[ view plain ]
| 000 -LEADER | |
|---|---|
| fixed length control field | 00685cam a22001815a 4500 |
| 001 - CONTROL NUMBER | |
| control field | L155621 |
| 008 - FIXED-LENGTH DATA ELEMENTS--GENERAL INFORMATION | |
| fixed length control field | 120329s1780 xxk f 000 0 eng d |
| 035 ## - SYSTEM CONTROL NUMBER | |
| System control number | (Sirsi) u155621 |
| 041 0# - LANGUAGE CODE | |
| Language code of text/sound track or separate title | eng |
| 100 1# - MAIN ENTRY--PERSONAL NAME | |
| Personal name | Gough, Richard |
| Dates associated with a name | 1735-1809 |
| 245 00 - TITLE STATEMENT | |
| Title | British topography |
| Remainder of title | Or, an historical account of what has been done for illustrating the topographical antiquities of Great Britain and Ireland. ... |
| 260 ## - PUBLICATION, DISTRIBUTION, ETC. | |
| Place of publication, distribution, etc. | London |
| Name of publisher, distributor, etc. | printed for T. Payne and Son, and J. Nichols |
| Date of publication, distribution, etc. | MDCCLXXX. [1780] |
| 300 ## - PHYSICAL DESCRIPTION | |
| Extent | 2 v., plates |
| Other physical details | maps |
| Dimensions | 4o |
| 583 ## - ACTION NOTE | |
| Action | Condition reviewed |
| Time/date of action | 20120620 |
| Status | condition level 3 and 3 |
| 651 #4 - SUBJECT ADDED ENTRY--GEOGRAPHIC NAME | |
| Geographic name | Great Britain |
| Chronological subdivision | 1707- |
| 690 ## - LOCAL SUBJECT ADDED ENTRY--TOPICAL TERM (OCLC, RLIN) | |
| Topical term or geographic name as entry element | Conservation and restoration |
| 942 ## - ADDED ENTRY ELEMENTS (KOHA) | |
| Suppress in OPAC | 0 |
| Withdrawn status | Lost status | Source of classification or shelving scheme | Damaged status | Not for loan | Home library | Current library | Shelving location | Date acquired | Total Checkouts | Full call number | Barcode | Date last seen | Copy number | Price effective from | Koha item type |
|---|---|---|---|---|---|---|---|---|---|---|---|---|---|---|---|
| Dewey Decimal Classification | Historic collection | Historic collection | Historic collection | 29/03/2012 | QUARTO 1780 GOUGH VOL 1 | 30077940 | 06/08/2019 | 1 | 06/08/2019 | Book | |||||
| Dewey Decimal Classification | Historic collection | Historic collection | Historic collection | 19/07/2012 | QUARTO 1780 GOUGH VOL 2 | 30077932 | 06/08/2019 | 1 | 06/08/2019 | Book |